| 000 | 00774nam a22002652a 4500 | ||
|---|---|---|---|
| 001 | 16009 | ||
| 003 | BD-RjUL | ||
| 005 | 20211208235930.0 | ||
| 008 | 140211s1933 enka b 000 0 eng d | ||
| 035 | _a(BD-RjUL)16064 | ||
| 040 |
_aDLC _cBD-RjUL _dEQO _beng |
||
| 041 | _aeng | ||
| 082 |
_a659.1 _bBRA 1933 |
||
| 100 | 1 |
_aBraddock, Albert Percy. _949583 |
|
| 245 | 1 | 0 |
_aApplied psychology for advertisers / _cby A. P. Braddock |
| 260 |
_aLondon [etc.] : _bButterworth & co. ltd, _c1933 |
||
| 300 |
_axvi, 236, 6, [1] p. _bdiagrs. _c22 cm |
||
| 504 | _aBibliography: p. 235-236 | ||
| 650 | 0 |
_aAdvertising _949584 |
|
| 650 | 0 |
_aPsychology, Applied _95669 |
|
| 830 | 0 |
_vVI _949592 |
|
| 830 | 0 |
_aLibrary of advertising ; _949593 |
|
| 942 |
_2ddc _cBK |
||
| 999 |
_c16009 _d16009 |
||